000 00532nam a22002057a 4500
003 OSt
005 20170321132932.0
008 170321b xxu||||| |||| 00| 0 eng d
020 _a9781437719338
040 _cDMLN
082 _aQV38 P49p 2012
100 _aRang, H.P. [et...al]
_911864
245 _aRang and Dale's Pharmacology
250 _a7th ed.
260 _aEdinburgh; Elsevier, 2012
300 _axxii,777p; col.ill: 28cm
504 _aAppendix, & index included
650 _aPharmacology
_9357
942 _2z
_cSLOAN
999 _c5698
_d5698